=LDR 00000nam 2200000 4500 =001 INLIS000000000037105 =005 20210114095605 =035 ##$$a 0010-061300000037105 =008 210114################g##########0#ind## =041 ##$$a Ind =082 ##$$a 332.632.2 =090 ##$$a 332.632.2, Suw t =100 1#$$a Suwanda, Hary =245 1#$$a Tetap untung ketika saham turun /$c Hary Suwanda =260 ##$$a Jakarta :$b Gramedia,$c 2011 =300 ##$$a 198 hlm. : $b ilus ; $c 14x23 cm. =650 #4$$a Saham =850 ##$$a NBPNMAT =020 ##$$a 978-979-22-6981-9 =084 ##$$a 332.632.2 SUW t =504 ##$$a Bibliografi : hlm. 191 - 192 =990 ##$$a 21102839 =990 ##$$a 21102838